| 000 | 00538nac a22001571u 4500 | ||
|---|---|---|---|
| 008 | 080914s1998 xxu||||| |||| 00| 0 ara d | ||
| 020 | _a9771955551 | ||
| 082 |
_a323.443 _bع ف ي |
||
| 245 |
_aإجهاض الحرية : _bالدينية والسياسية والجنسية / _cمحمود عبد الرازق عفيفي |
||
| 250 | _aط 2 | ||
| 260 |
_a[د . م] : _b[د . ن] ، _c1998. |
||
| 300 |
_a351 ص ؛ _c20 سم. |
||
| 511 | _aCatalogued by: Sara | ||
| 650 |
_aحرية التعبير _921687 |
||
| 942 |
_cBB _k323.443 ع ف ي _2ddc |
||
| 999 |
_c6443 _d6443 |
||